000 01902nam 22002413 4500
001 199394
010 _a978-972-23-7697-6
021 _b548 297/25
090 _a199394
100 _a20221129d u||y0pory50 ba
200 _aNa sombra do teu nome
_fJodi Picoult
_gtradução de Fátima Ãndrade
205 _a
210 _aBarcarena
_cEditorial Presença
_d2025
215 _a502 p.
_cbrochado
_d23 cm
225 _aGrandes narrativas
330 _aDuas mulheres, quatro séculos. Um legado de coragem que perdurará para sempre. Em 1581, Emilia Bassano é forçada a tornar-se amante de Lorde Chamberlain, responsável pelas produções teatrais de Londres. Dotada de uma enorme paixão pela escrita, Emilia planeia secretamente levar a sua própria peça ao palco. Sendo mulher, sabe que nunca poderá ser reconhecida como autora. Para que as suas obras ganhem vida, decide confiar em William Shakespeare, um ator famoso, para fazer passar as suas peças como se fossem dele. Na sombra da invisibilidade, sacrifica a sua identidade, desafiando uma sociedade que marginaliza as vozes femininas. No século XXI, a jovem dramaturga Melina Green enfrenta os mesmos obstáculos que Emilia Bassano num teatro ainda hostil às mulheres. Ao escrever uma peça inspirada em Emilia, Melina decide submetê-la a um festival usando um pseudónimo masculino para garantir que a sua obra seja reconhecida. Baseada em fontes históricas e narrada em duas linhas temporais que se entrelaçam, Na Sombra do Teu Nome é uma história épica de ambição, coragem e desejo, em que duas mulheres, separadas por quatro séculos, lutam para fazer com que a sua voz seja finalmente ouvida.
606 _916
_aLiteratura Americana
675 _a821.111(73)-3
_vPT
_zpor
700 _9725
_aPicoult
_bJodi
_f1966-
702 _915262
_aAndrade
_bFátima
801 _aPT
_bBMMN
_gRPC
830 _cAna
_fAna
990 _cLIVROS